Państwa wydobywające najwięcej wegla kamiennego - Statystyki

Ogólne statystyki
  • Ten quiz został rozwiązany 70 razy
  • Średni wynik to 8 z 10
Statystyki odpowiedzi
Wydobycie (w mln. ton) Państwo % Poprawnych
1115 Stany Zjednoczone
98%
1565 Chiny
96%
101 Polska
91%
210 Rosja
91%
375 Australia
82%
377 Indie
82%
132 Indonezja
61%
60 Ukraina
59%
85 Kazachstan
50%
248 Południowa Afryka
50%
Nie znaleziono quizów pasujących do podanych kryteriów
Rozkład punktacji
Procent ludzi z każdym wynikiem
Percentyl według liczby udzielonych odpowiedzi
Twoja historia wyników
Nie rozwiązałeś tego quizu